Balzac: Eugénie Grandet. Extraits

Tallennettuna:
Bibliografiset tiedot
Päätekijä: Thoraval, Jean
Aineistotyyppi: Kirja
Kieli:French
Julkaistu: París, Francia Bordas 1977
Aiheet:
Tagit: Lisää tagi
Ei tageja, Lisää ensimmäinen tagi!

MARC

LEADER 00000nam a2200000Ia 4500
008 170316s9999 xx 000 0 fre d
999 |c 30747  |d 30747 
020 |a 2-04-004413-2 
040 |a cru BVZT 
090 |a C-840 T-1b 
100 |a Thoraval, Jean 
245 |a Balzac: Eugénie Grandet. Extraits  |c Jean Thoraval 
260 |a París, Francia 
260 |b Bordas 
260 |c 1977 
300 |a 192 páginas 
650 |a LITERATURA FRANCESA  |9 109 
650 |a CRÍTICA 
942 |c LIB  |h C-840 T-1b  |2 z